000 00283nam a22001217a 4500
008 170524b xxu||||| |||| 00| 0 eng d
041 _aeng
080 _a62
100 _a26
101 _aIM
245 _aTHE TECHNOLOGY OF CERAMICS AND REFRACTORIES
_cBUDNIKOV,P.P
942 _2udc
_cBK
999 _c13986
_d13986